De animales y de niños / (Registro nro. 33722)

Detalles MARC
000 -CABECERA
Longitud fija campo de control 00676nam a2200181 4500
003 - • IDENTIFICADOR DELl NÚMERO DE CONTROL
Identificador del número de control CO-ViMGA
040 ## - FUENTE DE LA CATALOGACIÓN
Centro catalogador de origen CO-ViMGA
Lengua de catalogación spa
Centro transcriptor CO-ViMGA
082 04 - • NÚMERO DE LA CLASIFICACIÓN DECIMAL DEWEY
Número de clasificación (R) I863.08
Número del ítem D31
245 10 - • TITULO PROPIAMENTE DICHO
Título De animales y de niños /
Mención de responsabilidad, etc. ilustradoras Olga Lucía García, Paula Bossio.
250 ## - • MENCIÓN DE EDICIÓN
Mención de edición Editor Iván Hernández.
300 ## - • DESCRIPCIÓN FÍSICA
Extensión 32 p. :
Otras características físicas il. ; 28 cm.
490 ## - • MENCIÓN DE SERIE
Mención de serie Leer es mi cuento. Plan Nacional de Lectura y Escritura ;
Designación de volumen o secuencia 7
650 14 - • PUNTO DE ACCESO ADICIONAL DE MATERIA - TÉRMINO DE MATERIA
Término de materia o nombre geográfico como elemento inicial Animales
Subdivisión de forma Cuentos infantiles.
650 14 - • PUNTO DE ACCESO ADICIONAL DE MATERIA - TÉRMINO DE MATERIA
Término de materia o nombre geográfico como elemento inicial Cuentos infantiles colombianos
Subdivisión de forma Colecciones
650 14 - • PUNTO DE ACCESO ADICIONAL DE MATERIA - TÉRMINO DE MATERIA
Término de materia o nombre geográfico como elemento inicial Niños
Subdivisión de forma Cuentos infantiles.
942 ## - ENTRADA DE ELEMENTOS AGREGADOS (KOHA)
Fuente de clasificaión o esquema Dewey Decimal Classification
Koha [por defecto] tipo de item LIbro

No hay ítems disponibles.










Instituto Departamental de Cultura del Meta - Red Departamental de Bibliotecas Públicas del Meta.